| 000 | 00428nam a2200181Ia 4500 | ||
|---|---|---|---|
| 008 | 170705s9999 xx 000 0 und d | ||
| 020 | _a9780439653572 | ||
| 245 | _aShoeless Joe & me : | ||
| 245 | _bbaseball card adventure / | ||
| 245 | _cDan Gutman | ||
| 260 | _aNew York : | ||
| 260 | _bScholastic, | ||
| 260 | _c2002 | ||
| 300 | _a163 pages : | ||
| 300 | _bcolor illustration ; | ||
| 300 | _c19cm. | ||
| 500 | _a600 | ||
| 999 |
_c336225 _d336225 |
||